Estatísticas para Países do Mundo em 1945 com um Mapa

Clique aqui para jogar o quiz

Estatísticas Gerais

  • Esse quiz foi jogado 1 245 vezes
  • A pontuação média é 59 de 68

Respostas no mapa

Respostas codificadas por cores de uma escala verde-vermelha no mapa do quiz de acordo com a % correta abaixo.
Carregando ...
 

Estatísticas das Respostas

País% Correto
Brasil
98%
Estados Unidos
98%
Canadá
98%
China
97%
México
97%
Argentina
97%
Espanha
96%
Austrália
96%
Bolívia
96%
França
96%
Portugal
96%
Reino Unido
96%
Chile
96%
Itália
95%
Paraguai
95%
Colômbia
95%
Peru
95%
Uruguai
95%
Japão
95%
África do Sul
94%
Venezuela
94%
Equador
94%
União Soviética
94%
Dinamarca
93%
Cuba
93%
Egito
92%
Suécia
92%
Noruega
91%
Irlanda
91%
Turquia
90%
Grécia
90%
Finlândia
90%
Mongólia
90%
Arábia Saudita
90%
Panamá
89%
Nova Zelândia
89%
Islândia
89%
Países Baixos
89%
Irão
88%
Polônia
87%
Suíça
87%
Bélgica
86%
Haiti
85%
Honduras
84%
Costa Rica
84%
Guatemala
84%
Nicarágua
84%
Iraque
82%
El Salvador
81%
Vaticano
80%
Nepal
80%
República Dominicana
79%
Romênia
79%
Hungria
77%
Andorra
76%
Etiópia
76%
Mônaco
75%
Luxemburgo
75%
Tailândia
75%
Bulgária
75%
San Marino
74%
Iugoslávia
73%
Albânia
72%
Afeganistão
71%
Iémen
70%
Checoslováquia
68%
Liechtenstein
68%
Libéria
61%

Distribuição das Pontuações

Percentil de Números Respondidos

Porcentagem de Pessoas com Cada Pontuação

Sua Pontuação Histórica

Você não jogou esse quiz